Newsweek (Record no. 38507)

MARC details
000 -LEADER
fixed length control field 00321nam a2200145Ia 4500
022 ## - INTERNATIONAL STANDARD SERIAL NUMBER
ISSN 01637053
245 #0 - TITLE STATEMENT
Title Newsweek
260 ## - PUBLICATION, DISTRIBUTION, ETC. (IMPRINT)
Place of publication NY
260 ## - PUBLICATION, DISTRIBUTION, ETC. (IMPRINT)
Name of publisher Daily Beast Company
260 ## - PUBLICATION, DISTRIBUTION, ETC. (IMPRINT)
Year of publication 2012
300 ## - PHYSICAL DESCRIPTION
Number of Pages 56 p. : ill. ; 27 cm.
942 ## - ADDED ENTRY ELEMENTS (KOHA)
Koha item type Serials

No items available.